Vista normal Vista MARC

Entrada Materia (personas)

Número de registros utilizados en: 1

001 - CONTROL NUMBER

  • control field: 83956

003 - CONTROL NUMBER IDENTIFIER

  • control field: Co-BoUCM

005 - DATE AND TIME OF LATEST TRANSACTION

  • control field: 20170208100400.0

008 - FIXED-LENGTH DATA ELEMENTS

  • fixed length control field: 170208|| aca||aabn | a|a d

040 ## - CATALOGING SOURCE

  • Original cataloging agency: Co-BoUCM
  • Transcribing agency: Co-BoUCM

100 ## - HEADING--PERSONAL NAME

  • Personal name: García, Pedro de Alcántara
  • Dates associated with a name: 1842-1906

670 ## - SOURCE DATA FOUND

  • Source citation: Work cat.: (Co-BoUCM)305955: Revilla, Manuel de la 1846-1881 34176, Principios Generales de Literatura e Historia de la Literatura Española, 1884